Perspektivy rossijskoj ekonomiki.

Prezentácia prognózy dynamiky národohospodárskych a medziodvetvových proporcií ekonomiky Ruska a rozvoja jeho vonkajších ekonomických vzťahov do r. 1995 a odhadu rozvoja na dlhodobú perspektívu. Hlavnou použitou metódou je autonómne prognózovanie jednotlivých prvkov reprodukčného procesu s následným...

Descripción completa

Guardado en:
Detalles Bibliográficos
Formato: Capítulo de libro
Lenguaje:ruso
Materias:
Etiquetas: Agregar Etiqueta
Sin Etiquetas, Sea el primero en etiquetar este registro!

MARC

LEADER 00000naa a2200000 4500
001 r010426
005 20221130113231.3
041 0 |a rus 
044 |a [SU] 
245 1 0 |a Perspektivy rossijskoj ekonomiki. 
520 |a Prezentácia prognózy dynamiky národohospodárskych a medziodvetvových proporcií ekonomiky Ruska a rozvoja jeho vonkajších ekonomických vzťahov do r. 1995 a odhadu rozvoja na dlhodobú perspektívu. Hlavnou použitou metódou je autonómne prognózovanie jednotlivých prvkov reprodukčného procesu s následným zosúladením výsledkov autonómnych prognóz pomocou zväčšených modelov medziodvetvovej bilancie. Výsledky ukazujú na pokračujúci pokles ekonomiky a katastrofické zníženie životnej úrovne. 
610 2 0 |a prognózy 
610 2 0 |a Rusko 
610 2 0 |a 1995 
610 2 0 |a 2005 
610 2 0 |a proporcie ekonomické 
610 2 0 |a vzťahy hospodárske vonkajšie 
610 2 0 |a bilancia medziodvetvová 
610 2 0 |a modely štruktúrne 
610 2 0 |a dynamika ekonomiky 
610 2 0 |a fond akumulácie 
610 2 0 |a fond spotreby 
610 2 0 |a výstavba investičná 
610 2 0 |a úroveň životná 
610 2 0 |a úpadok hospodársky